| 000 | 01266nam a2200361 a 4500 | ||
|---|---|---|---|
| 003 | BLK | ||
| 005 | 20240123164426.0 | ||
| 008 | 180408b bul|||||r ||||||| ||bul|| | ||
| 010 | _aKNG00091685000 | ||
| 020 | _a954-439-115-0 | ||
| 040 | _aBLK | ||
| 041 |
_aBUL _cBUL |
||
| 080 |
_aАмериканска литература (на САЩ) _b821.111(73) _x-31 _z821.111(73)-31 |
||
| 100 | 1 |
_aХел, Лайза _eпърви автор _9242191 |
|
| 139 |
_aХел, Лайза _bХ 40 |
||
| 245 | 1 | 0 |
_aЕлизабет _bРоман _cЛайза Хел; прев. от англ. Кирил Петков. |
| 257 | _aUSA | ||
| 260 |
_aВ. Търново _bСлово _c1993 |
||
| 300 |
_a108 с. _c20 см |
||
| 380 | _aX | ||
| 490 |
_aЛюбовни романи _v№ 12 |
||
| 490 | _aС имена на жени | ||
| 500 | _aОриг. загл. Calypso - Queen / Lisa Hell. - Офс. изд. - 28 000 тир. | ||
| 653 | _aромантична проза | ||
| 700 | 1 |
_aПетков, Кирил _eпрев. от англ. _9363987 |
|
| 852 |
_aЦб 179167 _bЦб |
||
| 856 | 4 | _qpdf | |
| 856 | 4 | _qpdf | |
| 942 |
_cKNG _n0 _01 |
||
| 944 |
_aCR _c29.09.2009 _lРадостина Карадакова _k30534 |
||
| 944 |
_aED _c10.11.2009 _lф / |
||
| 999 |
_c87055 _d87055 |
||
| 999 | _d87055 | ||